Network administrator street smarts : (Record no. 36100)
[ view plain ]
| 000 -LEADER | |
|---|---|
| fixed length control field | 00439nam a22001457a 4500 |
| 005 - DATE AND TIME OF LATEST TRANSACTION | |
| control field | 20240710113437.0 |
| 008 - FIXED-LENGTH DATA ELEMENTS--GENERAL INFORMATION | |
| fixed length control field | 240710b |||||||| |||| 00| 0 eng d |
| 020 ## - INTERNATIONAL STANDARD BOOK NUMBER | |
| ISBN | 9780470431009 |
| 245 ## - TITLE STATEMENT | |
| Title | Network administrator street smarts : |
| Remainder of title | A real world guide to compTIA network+ skills / |
| Statement of responsibility, etc. | SKA-N |
| 260 ## - PUBLICATION, DISTRIBUTION, ETC. | |
| Place of Publication | India: |
| Name of publisher, distributor, etc. | Sybex; |
| Date of publication, distribution, etc. | 2009. |
| 300 ## - PHYSICAL DESCRIPTION | |
| Pages | xiv, 392 p. : |
| 500 ## - GENERAL NOTE | |
| General note | include index. |
| 650 ## - SUBJECT ADDED ENTRY--TOPICAL TERM | |
| Subject / Department | Networking |
| 300 ## - PHYSICAL DESCRIPTION | |
| -- | ill; |
| -- | 23 cm. |
| 952 ## - LOCATION AND ITEM INFORMATION (KOHA) | |
| -- | 0 |
| -- | 0 |
| 952 ## - LOCATION AND ITEM INFORMATION (KOHA) | |
| -- | 0 |
| -- | 0 |
| Lost status | Damaged status | Collection code | Permanent Location | Current Location | Shelving Location | Date acquired | Full Call Number | Accession No./Barcode | Date last seen | item type | Koha item type |
|---|---|---|---|---|---|---|---|---|---|---|---|
| CS/IT | Superior Information Resource Center (SIRC) Superior University- Gold Campus | Superior Information Resource Center (SIRC) Superior University- Gold Campus | Networking | 07/10/2024 | 004.6 SKA-N 2009 | 16576 | 07/10/2024 | BOOK | BOOK | ||
| CS/IT | Superior Information Resource Center (SIRC) Superior University- Gold Campus | Superior Information Resource Center (SIRC) Superior University- Gold Campus | Networking | 07/10/2024 | 004.6 SKA-N 2009 | 16577 | 07/10/2024 | BOOK | BOOK |
